Ants (Registro nro. 2910)

Detalles MARC
000 -CABECERA
Campo de control 00780nam a2200265 a 4500
005 - FECHA Y HORA DE LA ULTIMA TRANSACCION
Campo de control 20180803165041.0
008 - ELEMENTOS DE LONGITUD FIJA—INFORMACION GENERAL
Campo de control 140307b2000 wau||||| |||| 00| 0 eng d
041 ## - IDIOMA
Código de idioma para texto/pista de sonido o título separado Inglés
044 ## - PAÍS DE PUBLICACIÓN
País de publicación Estados Unidos
090 ## - CLASIFICACIÓN LOCAL
Colección LB
Consecutivo 02684
100 ## - ASIENTO PRINCIPAL--NOMBRE PERSONAL
Nombre personal Agosti, Donat
245 ## - MENCION DE TITULO
Título Ants
Parte restante del título standard methods for measuring and monitoring biodiversity
260 ## - PUBLICACION, DISTRIBUCION, ETC. (PIE DE IMPRENTA)
Lugar de publicación, distribución, etc. Washington
Nombre del editor, distribuidor, etc. Smithsonian Institution Press
Fecha de publicación, distribución, etc. 2000
300 ## - DESCRIPCION FISICA
Extensión 280 p.
650 ## - ASIENTO SECUNDARIO DE MATERIA - TERMINO TEMATICO
Término temático o nombre geográfico como elemento de entrada Ecología
650 ## - ASIENTO SECUNDARIO DE MATERIA - TERMINO TEMATICO
Término temático o nombre geográfico como elemento de entrada Insectos
650 ## - ASIENTO SECUNDARIO DE MATERIA - TERMINO TEMATICO
Término temático o nombre geográfico como elemento de entrada Hormigas
650 ## - ASIENTO SECUNDARIO DE MATERIA - TERMINO TEMATICO
Término temático o nombre geográfico como elemento de entrada Biodiversidad
650 ## - ASIENTO SECUNDARIO DE MATERIA - TERMINO TEMATICO
Término temático o nombre geográfico como elemento de entrada Especies indicadoras
650 ## - ASIENTO SECUNDARIO DE MATERIA - TERMINO TEMATICO
Término temático o nombre geográfico como elemento de entrada Colecciones biológicas
700 ## - ASIENTO SECUNDARIO - NOMBRE PERSONAL
Nombre personal Majer, Jonathan D.
700 ## - ASIENTO SECUNDARIO - NOMBRE PERSONAL
Nombre personal Alonso, Leeanne E.
700 ## - ASIENTO SECUNDARIO - NOMBRE PERSONAL
Nombre personal Schultz, Ted R.
942 ## - ELEMENTOS ADICIONALES (KOHA)
Tipo de ítem Impreso
Sistema de clasificación Local
Existencias
Withdrawn status Lost status Sistema de Clasificación Damaged status No para préstamo Colección Inventariado Ubicación Permanente Ubicación actual Fecha de adquisición Fuente de Valor Valor Total Checkouts Número topográfico Inventario / Código de Barras Date last seen Ejemplar Price effective from Forma de adquisición Tipo de material
    Local     Entomología Inventariado 2017 Villa de Leyva Villa de Leyva 28/08/2002 Amazon 50000.00   LB-02684 005050 04/12/2012 Ej. 1 04/12/2012   Libro